| 000 | 00622nam a2200217 i 4500 | ||
|---|---|---|---|
| 001 | 9161 | ||
| 003 | ES-MaACL | ||
| 005 | 20230906145623.0 | ||
| 007 | t| | ||
| 008 | 930520s1989 xxu ||||1| eng d | ||
| 020 | _a0-674-32455-2 | ||
| 080 | _a791.43(43) | ||
| 100 | 1 |
_aKaes, Anton. _967396 |
|
| 245 | 1 | 0 |
_aFrom Hitler to Heimat _b: the return of history as film / _cAnton Kaes. |
| 260 |
_aMassachusetts : _bHarvard University, _c1989. |
||
| 300 |
_aXIII, 273 p. : _bil. ; _c24 cm. |
||
| 500 | _aÍndices. | ||
| 504 | _aBibliografía: p. 201-212. | ||
| 650 | 1 | 4 |
_aCine- _zAlemania. _911012 |
| 852 |
_aES-MaACL _jL-16639 |
||
| 999 |
_c9161 _d9161 |
||